Normal view
MARC view
- Matetsky, Amanda
Entry Personal Name
001 - CONTROL NUMBER
- control field: 91405
003 - CONTROL NUMBER IDENTIFIER
- control field: NUST
005 - DATE AND TIME OF LATEST TRANSACTION
- control field: 20220509154341.0
008 - FIXED-LENGTH DATA ELEMENTS
- fixed length control field: 220509|| aca||aabn | a|a d
040 ## - CATALOGING SOURCE
- Original cataloging agency: NUST
- Transcribing agency: NUST
100 ## - HEADING--PERSONAL NAME
- Personal name: Matetsky, Amanda
670 ## - SOURCE DATA FOUND
- Source citation: Work cat.: (NUST)0: Matetsky, Amanda., Murderers prefer blondes /, 2003.
